Ropoznaj postać po cytacie - Wiedźmin 3 - Statystyki

Ogólne statystyki
  • Ten quiz został rozwiązany 830 razy
  • Średni wynik to 4 z 8
Statystyki odpowiedzi
Cytat Postać % Poprawnych
"Nie lubisz srebra, co ?" Geralt
96%
"Ja ku**a jestem, a nie bywam" Talar
83%
"Zawsze byłaś krnąbrnym dzieckiem, uwielbiałem cie za to" Vesemir
75%
"Po tym co pakujesz do tych Swoich eliksirów, gówno to dla Ciebie delicje" Zoltan
46%
"Widzisz Wiedźminie, została mi tylko flaszka" Krwawy Baron
42%
"Milcz kanalio, pożałujesz że sie urodziłeś!" Jaskier
41%
"Wydaje ci się że mnie pokonałeś?" Olgierd von Everec
7%
"Cae życie pracuje z idiotami" Dijskstra
2%
Nie znaleziono quizów pasujących do podanych kryteriów
Rozkład punktacji
Procent ludzi z każdym wynikiem
Percentyl według liczby udzielonych odpowiedzi
Twoja historia wyników
Nie rozwiązałeś tego quizu